000 00220nam a22000857a 4500
008 160827b xxu||||| |||| 00| 0 eng d
100 _9248
_a Misra, R.R
245 _aChemistry XI
260 _aNew Delhi
_bArya publication
_c2005
999 _c2904
_d2904